Movies Quiz

Random Movies or Actress Quiz

Body of Water Movies Quiz Stats

 Plays Quiz Updated Jul 10, 2019

Score 0/26 Timer 07:00
0 Plays Today
Year Movie % Correct
2001Ocean's Eleven
58.5%
1995Waterworld
57.9%
1998The Waterboy
45.9%
2003Mystic River
42.9%
1980The Blue Lagoon
37%
1992A River Runs Through It
34.8%
1999Deep Blue Sea
34.7%
2006The Lake House
29.7%
1999Lake Placid
28.4%
1981On Golden Pond
23.1%
2006Lady in the Water
21.4%
1994The River Wild
18.3%
2008Lakeview Terrace
15.3%
Year Movie % Correct
2005Dark Water
10.8%
1989Sea of Love
10.1%
1992Reservoir Dogs
10.1%
2003Open Water
8.8%
1957The Bridge on the River Kwai
8.7%
195420,000 Leagues Under the Sea
7.7%
1996Two if by Sea
5.1%
2002City by the Sea
4.1%
2003Cold Creek Manor
2.1%
1982Swamp Thing
1.7%
1982The Man from Snowy River
1.5%
1984The River Rat
0.9%
2008Eden Lake
0.8%

You're not logged in!

Compare scores with friends on all Sporcle quizzes.
OR
Log In

Sporcle TV

Today on Sporcle TV


Watch our educational content, quiz creation guides, and fun videos on Sporcle TV.

Show Comments

Extras

Top Quizzes Today


Score Distribution

Your Account Isn't Verified!

In order to create a playlist on Sporcle, you need to verify the email address you used during registration. Go to your Sporcle Settings to finish the process.

Report this User

Report this user for behavior that violates our Community Guidelines.

Details: